Platební neschopnost v roce 1991

Prvotná a druhotná platobná neschopnosť. Vývoj a štruktúra platobnej neschopnosti v sledovanom období. Tri najväčšie zdroje platobnej neschopnosti: strojárstvo, stavebná výroba, elektrotechnický a elektronický priemysel.

Gespeichert in:
Bibliographische Detailangaben
1. Verfasser: Veselý, Zdeněk
Format: Buchkapitel
Sprache:Tschechisch
Schlagworte:
Tags: Tag hinzufügen
Keine Tags, Fügen Sie das erste Tag hinzu!

MARC

LEADER 00000naa a2200000 4500
001 r008161
005 20220831081255.0
041 0 |a cze 
044 |a [CS] 
245 1 0 |a Platební neschopnost v roce 1991  |c Zdeněk Veselý 
520 |a Prvotná a druhotná platobná neschopnosť. Vývoj a štruktúra platobnej neschopnosti v sledovanom období. Tri najväčšie zdroje platobnej neschopnosti: strojárstvo, stavebná výroba, elektrotechnický a elektronický priemysel. 
610 2 0 |a solventnosť 
610 2 0 |a 1991 
610 2 0 |a ČSFR 
610 2 0 |a priemysel strojársky 
610 2 0 |a stavebníctvo 
610 2 0 |a elektrotechnika 
610 2 0 |a elektronika 
610 2 0 |a insolventnosť 
100 1 |a Veselý, Zdeněk